000 00325 a2200157 4500
001 56963
020 _a
040 _cAnchieta - Pituba
100 _aOliveira, Milton
240 1 0 _aMortas paisagens
_lpor
245 1 0 _aMortas paisagens
300 _a109
362 0 _a1990
650 4 _aFicção brasileira
942 _cBK
999 _c56963
_d56963